|
|
|
|
| LEADER |
00000nab a2200000 a 4500 |
| 001 |
vtls010518519 |
| 003 |
SK-MaSNL |
| 005 |
20260426055624.0 |
| 008 |
130611 2013 xo e 000 0 slo |
| 038 |
|
|
|a PPPK
|
| 040 |
|
|
|a PPPKCL
|b slo
|c PPPK
|e AACR2
|
| 041 |
0 |
|
|a slo
|
| 044 |
|
|
|a xo
|c SK
|
| 080 |
|
|
|a 625.5
|x (437.6-17)
|2 2001
|
| 080 |
|
|
|a 336.76
|x (437.6-17)
|2 2001
|
| 245 |
0 |
0 |
|a V Tatrách sa chystajú preinvestovať ďalšie milióny
|b vymenia aj lanovku medzi Štartom a Skalnatým plesom
|c [text] (pet) ; [Foto]: TMR
|
| 300 |
|
|
|b Fotogr.
|
| 610 |
2 |
7 |
|a Tatry Mountain Resorts
|2 pppkcl
|9 1088333
|
| 650 |
0 |
7 |
|a lanovky
|2 pppkcl
|9 16006
|
| 650 |
0 |
7 |
|a finančné investovanie
|2 pppkcl
|9 66791
|
| 651 |
|
7 |
|a Tatranská Lomnica (Vysoké Tatry, Slovensko)
|2 pppkcl
|9 160914
|
| 651 |
|
7 |
|a Skalnaté pleso (Vysoké Tatry, Slovensko)
|2 pppkcl
|9 56866
|
| 651 |
|
7 |
|a Vysoké Tatry (Poľsko a Slovensko : pohorie)
|2 pppkcl
|9 67729
|
| 773 |
0 |
|
|t Tatranský dvojtýždenník
|g Roč. XXIV, č. 11 (2013), s. 1 a 11
|
| 852 |
|
|
|a PPPK
|b KIS3GCP
|
| 999 |
|
|
|c 2189079
|d 2191009
|